| 000 | 00652nam a22002297a 4500 | ||
|---|---|---|---|
| 003 | UA-OsUOA | ||
| 001 | 44661 | ||
| 007 | ta | ||
| 008 | 20070306b un ||||| |||| 00| 0 ukr d | ||
| 100 | _aСошанський В. | ||
| 700 | _aІванов О. | ||
| 090 |
_a330 _bС-11 |
||
| 942 | _cSA | ||
| 040 |
_aUA-OsUOA _bukr _cUA-OsUOA _dUA-OsUOA |
||
| 245 | _aВільні економічні зони - "чорні діри" чи оази бізнесу? | ||
| 300 | _aС.3 | ||
| 955 | _a0 | ||
| 041 | _aukr | ||
| 080 | _a330 | ||
| 773 | 0 |
_w44659 _tУкраїна- business _dК. _d2007 _g7 |
|
| 650 | 7 |
_a330 Економіка взагалі _2UDC |
|
| 999 |
_c330781 _d330781 |
||